【E2】山陽道と交差する鉄道路線 - Statistics

General Stats
  • This quiz has been taken 136 times
  • The average score is 11 of 15
Answer Stats
路線 交差区間 % Correct
JR山陽本線 相生〜有年西条〜西高島屋 など
100%
山陽新幹線 相生〜岡山〜新倉敷〜福山広島〜新岩国〜徳山〜新山口
85%
JR伯備線 清音〜倉敷
84%
JR芸備線 玖村〜安芸矢口
83%
JR姫新線 本竜野〜太市
81%
JR加古川線 厄神〜市場
78%
JR津山線 玉柏〜牧山
76%
JR播但線 野里〜砥堀
75%
JR可部線 緑井〜大町
75%
JR吉備線 備中高松〜吉備津
73%
JR岩徳線 欽明路〜柱野大河内〜勝間
72%
JR福塩線 横尾〜備中本庄
70%
広島高速交通アストラムライン 毘沙門台〜大町広域公園前〜大塚
56%
錦川鉄道錦川清流線 清流新岩国〜川西
56%
神戸電鉄粟生線 樫山〜大村
49%
No matching quizzes found
Score Distribution
Percent of People with Each Score
Percentile by Number Answered
Your Score History
You have not taken this quiz